[Event "Brasilia JEBS op"]
[Site "Brasilia"]
[Date "2023.10.29"]
[Round "4"]
[White "Lazzarotti, Calebe Kadlubiski"]
[Black "Sobral, Pedro De Figueiredo"]
[Result "1-0"]
[WhiteElo "1750"]
[BlackElo "1369"]
[PlyCount "68"]
[EventDate "2023.10.28"]
[EventType "swiss"]
[EventRounds "6"]
[EventCountry "BRA"]
[SourceTitle "Mega2024 Update 01"]
[Source "Chessbase"]
[SourceDate "2023.11.12"]
[SourceVersion "1"]
[SourceVersionDate "2023.11.12"]
[SourceQuality "1"]

1. e4 e5 2. Nf3 Nc6 3. Bb5 a6 4. Ba4 Nf6 5. Nc3 b5 6. Bb3 Be7 7. d3 d6 8. Nd5 0-0 9. 0-0 Na5 10. Nxe7+ Qxe7 11. h3 Nxb3 12. axb3 h6 13. Nh2 Bb7 14. Ng4 Nxg4 15. Qxg4 Qe6 16. Qxe6 fxe6 17. b4 d5 18. f3 d4 19. Bd2 Rac8 20. Rfc1 Rfd8 21. Kf2 Kf7 22. Ke2 c5 23. bxc5 Rxc5 24. Bb4 Rc6 25. c3 dxc3 26. bxc3 Rdc8 27. Ke3 Kf6 28. Rf1 g5 29. Rh1 Rg8 30. g3 Rcc8 31. Raf1 Ra8 32. Ba5 Rac8 33. Rh2 Ke7 34. Bb4+ Kd7 1-0

[Event "Brasilia JEBS op"]
[Site "Brasilia"]
[Date "2023.10.28"]
[Round "2"]
[White "Lazzarotti, Calebe Kadlubiski"]
[Black "De Souza, Mateus Nascimento"]
[Result "0-1"]
[WhiteElo "1750"]
[BlackElo "1395"]
[PlyCount "121"]
[EventDate "2023.10.28"]
[EventType "swiss"]
[EventRounds "6"]
[EventCountry "BRA"]
[SourceTitle "Mega2024 Update 01"]
[Source "Chessbase"]
[SourceDate "2023.11.12"]
[SourceVersion "1"]
[SourceVersionDate "2023.11.12"]
[SourceQuality "1"]

1. e4 c6 2. Nc3 d5 3. Nf3 Bg4 4. h3 Bxf3 5. Qxf3 d4 6. Bc4 e6 7. Ne2 b5 8. Bb3 Nd7 9. d3 Nc5 10. 0-0 Nxb3 11. axb3 c5 12. Qg3 Ne7 13. Bg5 f6 14. Bd2 Ng6 15. Qg4 Qd7 16. Ng3 Ne5 17. Qe2 Be7 18. f4 Nc6 19. f5 e5 20. Qh5+ Kd8 21. Ra6 b4 22. Rfa1 Kc7 23. Qf7 Bd8 24. Qc4 Be7 25. c3 dxc3 26. bxc3 bxc3 27. Bxc3 Rhd8 28. Qb5 Rdb8 29. Ba5+ Nxa5 30. Qxa5+ Kc8 31. Nh5 Rb7 32. Re6 Rxb3 33. Qa6+ Rb7 34. Nxg7 Kd8 35. Rc6 Rab8 36. Ne6+ Ke8 37. Kh2 Rb6 38. Rxb6 axb6 39. Rb1 Qb7 40. Qb5+ Kf7 41. Qc4 Ke8 42. Qb5+ Qd7 43. Nc7+ Kd8 44. Nd5 Qb7 45. Qxb6+ Qxb6 46. Rxb6 Rc8 47. Re6 Bf8 48. Rxf6 Ke8 49. Re6+ Kf7 50. Rxe5 Bd6 51. Kg3 Bxe5+ 52. Kf3 Ra8 53. Nb6 Ra2 54. Nc4 Bd4 55. g4 Kf6 56. h4 h6 57. Nb6 Rf2+ 58. Kg3 Rd2 59. Nd5+ Kf7 60. g5 hxg5 61. hxg5 0-1

[Event "Joacaba op 2nd"]
[Site "Joacaba"]
[Date "2023.07.01"]
[Round "4"]
[White "Luzzi, Oliver Sthifler Lim"]
[Black "Lazzarotti, Calebe Kadlubiski"]
[Result "0-1"]
[WhiteElo "1216"]
[BlackElo "1792"]
[PlyCount "113"]
[EventDate "2023.06.30"]
[EventType "swiss"]
[EventRounds "6"]
[EventCountry "BRA"]
[SourceTitle "CBM 215 Extra"]
[Source "ChessBase"]
[SourceDate "2023.09.30"]
[SourceVersion "1"]
[SourceVersionDate "2023.09.30"]
[SourceQuality "1"]

1. e4 c6 2. d4 d5 3. exd5 cxd5 4. Bd3 Nc6 5. Nf3 Qc7 6. 0-0 Bg4 7. h3 Bh5 8. c3 e6 9. Bg5 Be7 10. Bxe7 Ngxe7 11. Nbd2 Bg6 12. Bb5 0-0 13. Qe2 a6 14. Bd3 b5 15. Nb3 Na5 16. Nfd2 Nec6 17. Bxg6 hxg6 18. Nc5 Nb7 19. Ndb3 Nca5 20. Rfe1 Nxc5 21. Nxc5 Nb7 22. Nxb7 Qxb7 23. Qe5 a5 24. Rec1 Rfc8 25. Qd6 Ra6 26. Qg3 Rac6 27. a3 b4 28. axb4 axb4 29. Qe3 bxc3 30. bxc3 Qc7 31. Ra3 Rc4 32. Qe5 Qxe5 33. dxe5 Re4 34. Ra5 Rxe5 35. c4 Rxc4 36. Rxc4 Re1+ 37. Kh2 dxc4 38. Kg3 c3 39. Rc5 Rc1 40. Kf3 c2 41. Rc8+ Kh7 42. Ke3 Rg1 43. Rxc2 Rxg2 44. Kf3 Rg5 45. Rc7 Rf5+ 46. Kg3 g5 47. Rc8 Kg6 48. Rc4 Ra5 49. f3 Ra2 50. Rg4 Kf5 51. f4 Ra3+ 52. Kg2 gxf4 53. Rxg7 f6 54. h4 e5 55. h5 Rg3+ 56. Rxg3 fxg3 57. Kxg3 0-1

[Event "Florianopolis op 9th"]
[Site "Florianopolis"]
[Date "2023.01.27"]
[Round "7"]
[White "Mendez Machado, Andre"]
[Black "Lazzarotti, Calebe Kadlubiski"]
[Result "1-0"]
[WhiteElo "1986"]
[BlackElo "1801"]
[PlyCount "135"]
[EventDate "2023.01.23"]
[EventType "swiss"]
[EventRounds "10"]
[EventCountry "BRA"]
[SourceTitle "CBM 212 Extra"]
[Source "ChessBase"]
[SourceDate "2023.03.31"]
[SourceVersion "1"]
[SourceVersionDate "2023.03.31"]
[SourceQuality "1"]

1. e4 e6 2. d4 d5 3. Nd2 dxe4 4. Nxe4 Nd7 5. Nf3 Ngf6 6. Nxf6+ gxf6 7. Be3 Rg8 8. Qd3 f5 9. 0-0-0 Nf6 10. Kb1 b6 11. Ne5 Bd6 12. Qc3 Bd7 13. Ba6 Rb8 14. Nxd7 Qxd7 15. Be2 Ke7 16. Bf3 Qb5 17. Bc6 Qa6 18. a4 Ne4 19. Qb3 Rxg2 20. h4 Rgg8 21. f3 Ng3 22. Rhe1 f4 23. Bc1 Ne2 24. Bb5 Nxc1 25. Kxc1 Qb7 26. Bc4 Rbe8 27. d5 e5 28. Qd3 Rg7 29. Ba6 Qb8 30. Qf5 Reg8 31. Qxf4 Qd8 32. Qh6 Qd7 33. Bb5 Qf5 34. Bd3 Qf6 35. Qh5 h6 36. Kb1 Kd8 37. Bf5 Rg2 38. Re4 Rh2 39. Rg4 Rxg4 40. Qxg4 Rxh4 41. Qg8+ Ke7 42. Bd3 Qg5 43. Qc8 Rf4 44. Bb5 Kf6 45. Qh8+ Ke7 46. Qe8+ Kf6 47. Qh8+ Ke7 48. Rh1 Rh4 49. Qe8+ Kf6 50. Qh8+ Ke7 51. Rxh4 Qxh4 52. Qe8+ Kf6 53. Qd8+ Be7 54. Qxc7 Qe1+ 55. Ka2 Qb4 56. Qb8 Qd6 57. Qh8+ Kg5 58. Qg7+ Kf4 59. Qg4+ Ke3 60. Qg1+ Kf4 61. Qc1+ Kg3 62. Qg1+ Kf4 63. Qg4+ Ke3 64. Bc4 Qb4 65. Qe4+ Kf2 66. Qe2+ Kg3 67. Qxe5+ Kh4 68. Qf4+ 1-0

[Event "Florianopolis op 9th"]
[Site "Florianopolis"]
[Date "2023.01.24"]
[Round "2"]
[White "Federzoni, Enzo"]
[Black "Lazzarotti, Calebe Kadlubiski"]
[Result "1-0"]
[WhiteElo "2123"]
[BlackElo "1801"]
[PlyCount "75"]
[EventDate "2023.01.23"]
[EventType "swiss"]
[EventRounds "10"]
[EventCountry "BRA"]
[SourceTitle "CBM 212 Extra"]
[Source "ChessBase"]
[SourceDate "2023.03.31"]
[SourceVersion "1"]
[SourceVersionDate "2023.03.31"]
[SourceQuality "1"]

1. e4 e6 2. d4 d5 3. Nc3 Bb4 4. e5 c5 5. a3 Bxc3+ 6. bxc3 Qa5 7. Bd2 Qa4 8. Qg4 Kf8 9. h4 Nc6 10. h5 h6 11. Nf3 b6 12. Rh3 Nge7 13. Bd3 Rg8 14. Rg3 Nf5 15. dxc5 Qxg4 16. Rxg4 bxc5 17. Rb1 c4 18. Be2 g5 19. hxg6 Rxg6 20. Rxg6 fxg6 21. g4 Nfe7 22. Bxh6+ Ke8 23. Be3 Ba6 24. Kd2 Kd7 25. Rh1 Rb8 26. Rh7 Bb5 27. Bc5 Re8 28. Nd4 Nxd4 29. cxd4 a5 30. Kc3 Ba6 31. f4 Bc8 32. f5 exf5 33. gxf5 gxf5 34. Bh5 Rg8 35. Rxe7+ Kd8 36. Rh7 Rg3+ 37. Kb2 Ba6 38. e6 1-0

[Event "Concordia op 6th"]
[Site "Concordia"]
[Date "2022.10.15"]
[Round "7"]
[White "Lazzarotti, Calebe Kadlubiski"]
[Black "Dos Santos, Haroldo Cunha Jr"]
[Result "1/2-1/2"]
[WhiteElo "1668"]
[BlackElo "2075"]
[PlyCount "145"]
[EventDate "2022.10.12"]
[EventType "swiss"]
[EventRounds "9"]
[EventCountry "BRA"]
[SourceTitle "CBM 210 Extra"]
[Source "ChessBase"]
[SourceDate "2022.11.30"]
[SourceVersion "1"]
[SourceVersionDate "2022.11.30"]
[SourceQuality "1"]

1. e4 e5 2. Nf3 Nf6 3. Nxe5 d6 4. Nf3 Nxe4 5. Nc3 Nxc3 6. dxc3 Be7 7. Bd3 0-0 8. Be3 Bg4 9. h3 Bxf3 10. Qxf3 Nd7 11. 0-0-0 Ne5 12. Qxb7 Rb8 13. Qe4 f5 14. Qd5+ Kh8 15. Be2 c6 16. Qd2 Qa5 17. Kb1 Bf6 18. Qc1 Qxc3 19. Bd4 Qa5 20. Qd2 Qxd2 21. Rxd2 c5 22. Bxe5 Bxe5 23. b3 a5 24. a4 Rb4 25. Ka2 g5 26. f3 Kg7 27. Rdd1 Kf6 28. g4 h5 29. Bc4 h4 30. Rhf1 Rfb8 31. Rb1 Bg3 32. Rfd1 Re8 33. Rd5 fxg4 34. fxg4 Bf4 35. Rbd1 Re3 36. R5d3 Re4 37. Rd5 Rexc4 38. bxc4 Rxa4+ 39. Kb3 Rb4+ 40. Kc3 Be5+ 41. Kd3 a4 42. c3 Rb3 43. Rc1 a3 44. Rc2 Ke6 45. Kd2 Bxc3+ 46. Rxc3 a2 47. Rxb3 a1Q 48. Rbd3 Qa2+ 49. Ke3 Qxc4 50. Rxd6+ Ke5 51. Rd8 Qf4+ 52. Ke2 Qh2+ 53. Kd1 Ke4 54. R8d5 Qg1+ 55. Kc2 Qf1 56. Rd8 Qf7 57. Kc3 Ke5 58. Re3+ Kf4 59. Rdd3 Qb7 60. Kc2 c4 61. Ra3 Qg2+ 62. Kd1 Qf1+ 63. Re1 Qg2 64. Rc3 Qa2 65. Ree3 Qb2 66. Ke1 Qg2 67. Kd1 Qf2 68. Re2 Qd4+ 69. Kc2 Qc5 70. Kc1 Qb5 71. Rec2 Qa6 72. Rxc4+ Ke5 73. R4c3 1/2-1/2

[Event "Concordia op 6th"]
[Site "Concordia"]
[Date "2022.10.14"]
[Round "5"]
[White "Lazzarotti, Calebe Kadlubiski"]
[Black "Caetano, Ryan Wesley da Cost"]
[Result "0-1"]
[WhiteElo "1668"]
[BlackElo "2207"]
[PlyCount "180"]
[EventDate "2022.10.12"]
[EventType "swiss"]
[EventRounds "9"]
[EventCountry "BRA"]
[SourceTitle "CBM 210 Extra"]
[Source "ChessBase"]
[SourceDate "2022.11.30"]
[SourceVersion "1"]
[SourceVersionDate "2022.11.30"]
[SourceQuality "1"]

1. e4 c5 2. Nf3 d6 3. Bb5+ Nd7 4. d4 cxd4 5. Qxd4 a6 6. Bxd7+ Bxd7 7. c4 Nf6 8. Bg5 e6 9. Nc3 Be7 10. a4 Bc6 11. 0-0 0-0 12. Rfd1 h6 13. Bh4 Qa5 14. b3 Qh5 15. Rd3 e5 16. Qe3 Ng4 17. Qe2 Bxh4 18. Nxh4 Qxh4 19. Rh3 Qxf2+ 20. Qxf2 Nxf2 21. Kxf2 f5 22. Rd1 fxe4+ 23. Ke3 Rad8 24. Rh4 Kf7 25. Nd5 Bxd5 26. Rxd5 Ke6 27. Rxe4 Rf1 28. Rexe5+ dxe5 29. Rxd8 Re1+ 30. Kf2 Rb1 31. Rd3 Kf5 32. Re3 e4 33. Rg3 g5 34. Rh3 Rb2+ 35. Kf1 Kf4 36. Rxh6 Rxb3 37. Rh7 g4 38. g3+ Ke3 39. Rd7 Rb1+ 40. Kg2 Ke2 41. h4 gxh3+ 42. Kxh3 e3 43. g4 Rb3 44. Kg2 Rb4 45. Rd4 b5 46. axb5 axb5 47. g5 Rxc4 48. Rxc4 bxc4 49. g6 c3 50. g7 c2 51. g8Q c1Q 52. Qg4+ Ke1 53. Qh4+ Kd1 54. Qg4+ e2 55. Qd4+ Qd2 56. Qa1+ Kc2 57. Qa2+ Kd3 58. Qb3+ Ke4 59. Qc4+ Ke5 60. Qc5+ Kf4 61. Qf8+ Ke3 62. Qc5+ Kd3 63. Qb5+ Kd4 64. Qd7+ Kc3 65. Qc6+ Kd4 66. Qd7+ Kc3 67. Qc6+ Kb2 68. Qb5+ Kc1 69. Qc4+ Qc2 70. Qf4+ Kb2 71. Qb4+ Ka1 72. Qa3+ Kb1 73. Qb4+ Ka2 74. Qa5+ Kb3 75. Qb5+ Kc3 76. Qc5+ Kd2 77. Qd4+ Qd3 78. Qb2+ Kd1 79. Qa1+ Kc2 80. Qa2+ Kc3 81. Qa3+ Kd4 82. Qd6+ Ke4 83. Qe6+ Kf4 84. Qf7+ Ke3 85. Qe6+ Kd2 86. Qa2+ Qc2 87. Qd5+ Kc1 88. Qg5+ Qd2 89. Qc5+ Kd1 90. Qg1+ e1Q+ 0-1

[Event "Chapeco op"]
[Site "Chapeco"]
[Date "2022.02.13"]
[Round "5"]
[White "Pertuzatti, Daniel"]
[Black "Lazzarotti, Calebe Kadlubiski"]
[Result "1/2-1/2"]
[WhiteElo "2017"]
[BlackElo "1580"]
[PlyCount "60"]
[EventDate "2022.02.11"]
[EventType "swiss"]
[EventRounds "6"]
[EventCountry "BRA"]
[SourceTitle "CBM 207 Extra"]
[Source "ChessBase"]
[SourceDate "2022.05.31"]
[SourceVersion "1"]
[SourceVersionDate "2022.05.31"]
[SourceQuality "1"]

1. e4 e5 2. f4 Bc5 3. Nf3 d6 4. Bc4 Nf6 5. d3 Nc6 6. Qe2 Bg4 7. c3 a6 8. Be3 Bxe3 9. Qxe3 exf4 10. Qxf4 Bxf3 11. gxf3 Ne5 12. Qe3 Nxc4 13. dxc4 Nh5 14. h4 Qf6 15. Nd2 Qf4 16. Nf1 Qxe3+ 17. Nxe3 Nf4 18. 0-0-0 0-0-0 19. Kc2 g6 20. Nd5 Nxd5 21. Rxd5 h5 22. Kd3 Rhe8 23. Rg1 Re7 24. Rgg5 Rde8 25. Ke3 Re6 26. Kf4 Rf6+ 27. Kg3 Rfe6 28. Kf4 Rf6+ 29. Kg3 Rfe6 30. Kf4 Rf6+ 1/2-1/2

[Event "BRA-ch U20"]
[Site "Concordia"]
[Date "2021.10.02"]
[Round "5"]
[White "Machado, Luiz Fernando"]
[Black "Lazzarotti, Calebe Kadlubiski"]
[Result "1-0"]
[WhiteElo "1732"]
[BlackElo "1519"]
[PlyCount "55"]
[EventDate "2021.09.30"]
[EventType "swiss"]
[EventRounds "6"]
[EventCountry "BRA"]
[SourceTitle "EXT 2023"]
[Source "ChessBase"]
[SourceDate "2022.10.05"]
[SourceVersion "1"]
[SourceVersionDate "2022.10.05"]
[SourceQuality "1"]

1. e4 e6 2. d4 d5 3. e5 c5 4. c3 Nc6 5. Nf3 Qb6 6. a3 Nh6 7. b4 cxd4 8. Bxh6 gxh6 9. cxd4 Bd7 10. Be2 Be7 11. 0-0 f6 12. Nc3 fxe5 13. Nxe5 Nxe5 14. dxe5 0-0-0 15. Rc1 Kb8 16. Kh1 Rdf8 17. f4 Rhg8 18. f5 d4 19. f6 Bd8 20. Na4 Bxa4 21. Qxa4 Bc7 22. Rc5 a6 23. Qd7 Rc8 24. Bc4 Bxe5 25. f7 Qxc5 26. bxc5 Rgf8 27. Bxe6 Rcd8 28. Qxd8+ 1-0

[Event "Pan American-ch Hybrid U12 31st"]
[Site "Tornelo INT"]
[Date "2021.09.04"]
[Round "4"]
[White "Vasquez Florez, Yoshua Marcelo"]
[Black "Lazzarotti, Calebe Kadlubiski"]
[Result "0-1"]
[WhiteElo "1053"]
[BlackElo "1519"]
[PlyCount "108"]
[EventDate "2021.09.04"]
[EventType "swiss"]
[EventRounds "9"]
[EventCountry "NET"]
[SourceTitle "EXT 2023"]
[Source "ChessBase"]
[SourceDate "2022.10.05"]
[SourceVersion "1"]
[SourceVersionDate "2022.10.05"]
[SourceQuality "1"]

1. d4 d5 2. Bf4 Bg4 3. h3 Bh5 4. g4 Bg6 5. c4 dxc4 6. e3 Nc6 7. Bxc4 e5 8. Bxe5 Nxe5 9. dxe5 Qxd1+ 10. Kxd1 0-0-0+ 11. Ke2 h5 12. g5 Ne7 13. Nc3 Nc6 14. Nf3 Bb4 15. Rhd1 Bxc3 16. bxc3 Be4 17. e6 Bxf3+ 18. Kxf3 Ne5+ 19. Kf4 Nxc4 20. exf7 g6 21. Rxd8+ Rxd8 22. Rd1 Rf8 23. Rd4 Rxf7+ 24. Kg3 Nd6 25. e4 b6 26. f3 Kb7 27. a4 Kc6 28. Rd5 Re7 29. Rd4 Re5 30. h4 Kd7 31. Kf4 Ke6 32. Ke3 Nf5+ 33. Kd3 Nxd4 34. cxd4 Ra5 35. Ke3 Rxa4 36. d5+ Ke7 37. Kf4 a5 38. Ke5 Ra1 39. f4 a4 40. f5 a3 41. fxg6 a2 42. g7 Kf7 43. g6+ Kxg7 44. Ke6 Re1 45. d6 Rxe4+ 46. Kd7 cxd6 47. Kc7 a1Q 48. Kd7 Qa7+ 49. Kc6 Qa8+ 50. Kd7 Qb7+ 51. Kd8 Qe7+ 52. Kc8 Ra4 53. Kb8 Kxg6 54. Kc8 Ra8# 0-1

[Event "Florianopolis op 7th"]
[Site "Florianopolis"]
[Date "2021.01.19"]
[Round "2"]
[White "Lazzarotti, Calebe Kadlubiski"]
[Black "Pavao, Alice Lara Biasi"]
[Result "1-0"]
[WhiteElo "1454"]
[BlackElo "1002"]
[PlyCount "69"]
[EventDate "2021.01.18"]
[EventType "swiss"]
[EventRounds "10"]
[EventCountry "BRA"]
[SourceTitle "CBM 200 Extra"]
[Source "ChessBase"]
[SourceDate "2021.03.31"]
[SourceVersion "1"]
[SourceVersionDate "2021.03.31"]
[SourceQuality "1"]

1. e4 d6 2. d4 Nf6 3. Nc3 g6 4. Bg5 Bg7 5. e5 dxe5 6. dxe5 Nfd7 7. e6 fxe6 8. Qe2 Nf6 9. Rd1 Bd7 10. Nf3 0-0 11. Ne5 Kh8 12. Nxd7 Nbxd7 13. Qxe6 Nc5 14. Qe3 Ncd7 15. Be2 Qe8 16. 0-0 Nb6 17. Bh6 Bxh6 18. Qxh6 Qf7 19. Qe3 Rad8 20. Qf3 c6 21. a3 Nc4 22. Bxc4 Qxc4 23. Qe3 Rde8 24. Qxa7 b5 25. Qd4 Qxd4 26. Rxd4 Rd8 27. Rfd1 Rxd4 28. Rxd4 h5 29. f3 g5 30. Ne4 Rg8 31. Nxf6 exf6 32. Rd6 Re8 33. Kf2 c5 34. Rxf6 Kg7 35. Rf5 1-0

[Event "South America-ch U10 16th"]
[Site "Buenos Aires"]
[Date "2019.12.05"]
[Round "8.3"]
[White "Lazzarotti, Calebe Kadlubiski"]
[Black "Lavandeira, Juan Facundo"]
[Result "1-0"]
[WhiteElo "1400"]
[BlackElo "1454"]
[PlyCount "103"]
[EventDate "2019.12.01"]
[EventType "swiss"]
[EventRounds "9"]
[EventCountry "ARG"]
[SourceTitle "EXT 2024"]
[Source "ChessBase"]
[SourceDate "2023.10.10"]
[SourceVersion "1"]
[SourceVersionDate "2023.10.10"]
[SourceQuality "1"]

1. e4 Nf6 2. Nc3 d5 3. e5 d4 4. exf6 dxc3 5. fxg7 cxd2+ 6. Bxd2 Bxg7 7. Qf3 e6 8. 0-0-0 Qf6 9. Qxf6 Bxf6 10. Bf4 c5 11. Bb5+ Bd7 12. Bxd7+ Nxd7 13. Nf3 Nb6 14. Rhe1 0-0 15. Be5 Be7 16. Bd6 Bxd6 17. Rxd6 Rfd8 18. Red1 Rxd6 19. Rxd6 Kf8 20. Ne5 Ke7 21. Rd3 Rg8 22. g3 f6 23. Nf3 Nd5 24. a3 Rg4 25. b3 Rg8 26. c4 Nb6 27. Kc2 Rd8 28. Rxd8 Kxd8 29. Nd2 Nd7 30. Ne4 Ke7 31. f4 h6 32. Kd3 f5 33. Nd2 Kd6 34. Nf3 e5 35. fxe5+ Nxe5+ 36. Nxe5 Kxe5 37. Ke3 a5 38. a4 b6 39. h3 h5 40. Kf3 Kd4 41. Kf4 Kc3 42. Kxf5 Kxb3 43. g4 hxg4 44. hxg4 Kxa4 45. g5 Kb3 46. g6 a4 47. g7 a3 48. g8Q a2 49. Qg7 Kxc4 50. Qb2 Kd3 51. Qxa2 c4 52. Qa6 1-0

[Event "South America-ch U10 16th"]
[Site "Buenos Aires"]
[Date "2019.12.05"]
[Round "7.3"]
[White "Neira Zamudio, Rafael Thomas"]
[Black "Lazzarotti, Calebe Kadlubiski"]
[Result "1/2-1/2"]
[WhiteElo "1466"]
[BlackElo "1400"]
[PlyCount "90"]
[EventDate "2019.12.01"]
[EventType "swiss"]
[EventRounds "9"]
[EventCountry "ARG"]
[SourceTitle "EXT 2024"]
[Source "ChessBase"]
[SourceDate "2023.10.10"]
[SourceVersion "1"]
[SourceVersionDate "2023.10.10"]
[SourceQuality "1"]

1. d4 d5 2. Bf4 Bg4 3. h3 Bh5 4. Nf3 Bxf3 5. exf3 e6 6. c3 Bd6 7. Bxd6 Qxd6 8. Bd3 Nf6 9. Qb3 Qb6 10. Nd2 Nbd7 11. f4 Qxb3 12. axb3 a6 13. b4 Ke7 14. Nf3 Nh5 15. g3 f6 16. Kd2 g6 17. Nh4 Kf7 18. Rhe1 Rhe8 19. Ng2 Ng7 20. Ne3 Nf5 21. Nxf5 exf5 22. Rxe8 Rxe8 23. b5 axb5 24. Bxb5 c6 25. Bd3 Re7 26. Re1 Rxe1 27. Kxe1 b5 28. b4 Ke6 29. Ke2 Nb6 30. Kd2 Kf7 31. Ke3 Ke6 32. Kd2 g5 33. g4 fxg4 34. hxg4 h6 35. fxg5 fxg5 36. f3 Ke7 37. Kc2 Nd7 38. Kd2 Nf6 39. Bg6 Ng8 40. Ke3 Kf6 41. Be8 Ne7 42. Bd7 Kg6 43. Be8+ Kf6 44. Bd7 Kf7 45. Kf2 Kf6 1/2-1/2

[Event "South America-ch U10 16th"]
[Site "Buenos Aires"]
[Date "2019.12.04"]
[Round "6.1"]
[White "Varela, Agustin"]
[Black "Lazzarotti, Calebe Kadlubiski"]
[Result "1/2-1/2"]
[WhiteElo "1485"]
[BlackElo "1400"]
[PlyCount "49"]
[EventDate "2019.12.01"]
[EventType "swiss"]
[EventRounds "9"]
[EventCountry "ARG"]
[SourceTitle "EXT 2024"]
[Source "ChessBase"]
[SourceDate "2023.10.10"]
[SourceVersion "1"]
[SourceVersionDate "2023.10.10"]
[SourceQuality "1"]

1. e4 e5 2. Nf3 Nc6 3. Bc4 Bc5 4. c3 Nf6 5. d3 d6 6. Nbd2 Bg4 7. Qb3 0-0 8. Qxb7 Na5 9. Qb5 c6 10. Qa4 Nh5 11. h3 Nxc4 12. Qxc4 Be6 13. Qa4 Nf4 14. 0-0 a6 15. Qc2 Qf6 16. Kh2 Qg6 17. Nh4 Qh5 18. Ndf3 g5 19. Bxf4 exf4 20. Nf5 Bxf5 21. exf5 g4 22. d4 gxf3 23. dxc5 fxg2 24. Kxg2 dxc5 25. Qe4 1/2-1/2

[Event "Pan American-ch U10"]
[Site "Guayaquil"]
[Date "2019.07.27"]
[Round "9"]
[White "Ruiz Agudelo, Jeronimo"]
[Black "Lazzarotti, Calebe Kadlubiski"]
[Result "0-1"]
[WhiteElo "1371"]
[BlackElo "1350"]
[PlyCount "110"]
[EventDate "2019.07.21"]
[EventType "swiss"]
[EventRounds "9"]
[EventCountry "ECU"]
[SourceTitle "EXT 2020"]
[Source "ChessBase"]
[SourceDate "2019.10.17"]
[SourceVersion "1"]
[SourceVersionDate "2019.10.17"]
[SourceQuality "1"]

1. e4 e5 2. Nf3 Nc6 3. Bb5 a6 4. Bxc6 dxc6 5. d4 exd4 6. Qxd4 Qxd4 7. Nxd4 Bd7 8. Nc3 0-0-0 9. Be3 g6 10. 0-0-0 Bg7 11. f3 c5 12. Nde2 b6 13. a4 Ne7 14. b3 f5 15. Bg5 Rde8 16. Bxe7 Rxe7 17. Nd5 Ree8 18. Ng3 fxe4 19. Nxe4 Rhf8 20. Rhe1 c4 21. Nec3 cxb3 22. cxb3 Rxe1 23. Rxe1 Re8 24. Ne4 Bc6 25. Nb4 Bc3 26. Nxc3 Rxe1+ 27. Kd2 Re6 28. Nxa6 g5 29. Nb4 Kd7 30. Nxc6 Kxc6 31. Ne4 g4 32. Ng5 Rd6+ 33. Kc3 gxf3 34. Nxf3 Kd5 35. h3 Rg6 36. Nh4 Rg3+ 37. Kb4 c5+ 38. Ka3 c4 39. Kb2 Rxb3+ 40. Kc2 Ra3 41. Nf5 Rxa4 42. g4 Ra3 43. h4 Ke5 44. Ne7 b5 45. g5 Rh3 46. g6 hxg6 47. Nxg6+ Kf6 48. Nf4 Rxh4 49. Nd5+ Ke5 50. Nc3 Rh2+ 51. Kc1 b4 52. Ne4 Kxe4 53. Kd1 b3 54. Ke1 b2 55. Kf1 b1R# 0-1

[Event "Pan American-ch U10"]
[Site "Guayaquil"]
[Date "2019.07.26"]
[Round "8"]
[White "Santos Sagastume, Paolo Andres"]
[Black "Lazzarotti, Calebe Kadlubiski"]
[Result "0-1"]
[WhiteElo "1327"]
[BlackElo "1350"]
[PlyCount "47"]
[EventDate "2019.07.21"]
[EventType "swiss"]
[EventRounds "9"]
[EventCountry "ECU"]
[SourceTitle "EXT 2020"]
[Source "ChessBase"]
[SourceDate "2019.10.17"]
[SourceVersion "1"]
[SourceVersionDate "2019.10.17"]
[SourceQuality "1"]

1. d4 d5 2. c4 e6 3. Nc3 Nf6 4. Bg5 Be7 5. e3 h6 6. Bh4 0-0 7. Rc1 Nbd7 8. Nge2 g6 9. cxd5 exd5 10. Bg3 c5 11. dxc5 Nxc5 12. Nf4 Be6 13. Bb5 Rc8 14. 0-0 a6 15. Be2 Bd6 16. Bf3 Bxf4 17. Bxf4 Nce4 18. Nxe4 dxe4 19. Rxc8 Qxc8 20. Be2 Rd8 21. Qa4 b5 22. Qa5 Nd5 23. Be5 f6 24. Bd4 0-1

[Event "Pan American-ch U10"]
[Site "Guayaquil"]
[Date "2019.07.24"]
[Round "5"]
[White "Lazzarotti, Calebe Kadlubiski"]
[Black "Llanto Llacsa, Yaden Wilden"]
[Result "1-0"]
[WhiteElo "1350"]
[BlackElo "1236"]
[PlyCount "78"]
[EventDate "2019.07.21"]
[EventType "swiss"]
[EventRounds "9"]
[EventCountry "ECU"]
[SourceTitle "EXT 2020"]
[Source "ChessBase"]
[SourceDate "2019.10.17"]
[SourceVersion "1"]
[SourceVersionDate "2019.10.17"]
[SourceQuality "1"]

1. e4 e5 2. Nf3 Nc6 3. Bb5 d6 4. Bxc6+ bxc6 5. 0-0 Nf6 6. Nc3 Be7 7. d4 Bg4 8. dxe5 Bxf3 9. Qxf3 dxe5 10. Rd1 Bd6 11. Bg5 h6 12. Bxf6 Qxf6 13. Qxf6 gxf6 14. Ne2 Rb8 15. b3 Rh7 16. Ng3 Kd7 17. c4 c5 18. Nf5 a5 19. Rd3 Re8 20. Rad1 Re6 21. Rh3 h5 22. g4 Re8 23. Rxh5 Rxh5 24. gxh5 Rh8 25. Ng3 Kc8 26. Kg2 Bf8 27. Kh3 Rg8 28. Rd5 Rg5 29. h6 Bxh6 30. Rxc5 a4 31. bxa4 Rg8 32. Nf5 Bf8 33. Rb5 Rg1 34. Rb2 Ba3 35. Rc2 Kb7 36. Ne3 c6 37. Ng4 Be7 38. Nh6 Ka6 39. Nxf7 Ka5 1-0